Koleksi kisah-kisah teladan & renungan 2
| Format: | Book |
|---|---|
| Published: |
Selangor :
Mulya Utama Ent. ,
2010
|
| Subjects: |
MARC
| LEADER | 00000cam a2200000 7i4500 | ||
|---|---|---|---|
| 001 | 0000035895 | ||
| 005 | 20130523.0 | ||
| 008 | 130523 | ||
| 020 | |a 9833208241 | ||
| 090 | 0 | 0 | |a 297 |b KOL |
| 245 | 1 | 0 | |a Koleksi kisah-kisah teladan & renungan 2 |c susunan Ustaz J Umar |
| 260 | |a Selangor : |b Mulya Utama Ent. , |c 2010 | ||
| 650 | 0 | |a Islam | |
| 999 | |a 0001167011 |b Book |c Adult Collection |e Perbadanan Perpustakaan Awam Johor | ||
| 999 | |a 0001167019 |b Book |c Adult Collection |e Cawangan Mersing | ||
| 999 | |a 0001167020 |b Book |c Adult Collection |e Cawangan Bandar Tenggara | ||